Undertown

Đã lưu trong:
Bibliografiske detaljer
Hovedforfatter: Bukiet, Melvin Jules
Format: Bog
Sprog:Undetermined
Udgivet: New York Amulet Books 2013
Fag:
Tags: Tilføj Tag
Ingen Tags, Vær først til at tagge denne postø!
Thư viện lưu trữ: Trung tâm Học liệu Trường Đại học Cần Thơ
LEADER 00624nam a2200205Ia 4500
001 CTU_217455
008 210402s9999 xx 000 0 und d
020 |c 18.95 
082 |a 813.6 
082 |b B931 
100 |a Bukiet, Melvin Jules 
245 0 |a Undertown 
245 0 |c Melvin Jules Bukiet 
260 |a New York 
260 |b Amulet Books 
260 |c 2013 
650 |a Adventure and adventures,Phiêu lưu và thám hiểm,American literature,Văn học Mỹ 
650 |x Fiction,Tiểu thuyết 
904 |i Hiền, Trinh, Tuyến 
980 |a Trung tâm Học liệu Trường Đại học Cần Thơ